[Event "Niederbayernliga 0708"]
[Site "Germany"]
[Date "2007.01.20"]
[Round "5.7"]
[White "Putz, Georg"]
[Black "Wolff, Richard"]
[Result "1-0"]
[WhiteElo "1667"]
[BlackElo "840"]
[PlyCount "45"]
[EventDate "2007.10.21"]
[EventType "team"]
[EventRounds "9"]
[EventCountry "GER"]
[SourceTitle "EXT 2009"]
[Source "ChessBase"]
[SourceDate "2008.11.26"]
[SourceVersion "1"]
[SourceVersionDate "2008.11.26"]
[SourceQuality "1"]
[WhiteTeam "Simbach"]
[BlackTeam "Waldkirchen Freyung"]
[WhiteTeamCountry "GER"]
[BlackTeamCountry "GER"]

1. e4 e5 2. Nf3 d6 3. d4 Nc6 4. dxe5 Nxe5 5. Nxe5 dxe5 6. Qxd8+ Kxd8 7. Bc4 f6 8. Be3 b6 9. f3 Bb7 10. 0-0 Ke8 11. Nc3 a6 12. Rad1 Bd6 13. Bxb6 Kd7 14. Be3 Ne7 15. Na4 Bc6 16. Nc5+ Kd8 17. Bxa6 Nc8 18. Bc4 Nb6 19. Bb3 Bb5 20. Rfe1 Bc4 21. Nb7+ Ke7 22. Nxd6 cxd6 23. Bxb6 1-0